| 000 | 00571 a2200229 4500 | ||
|---|---|---|---|
| 005 | 20260413110843.0 | ||
| 008 | 260413b |||||||| |||| 00| 0 eng d | ||
| 020 |
_a9789354641534 _cRs. 3495.00 |
||
| 040 | _aMAIN | ||
| 082 |
_a575.1 _bP935P(7) |
||
| 100 | _aPrimrose, Sandy B | ||
| 245 | _aPrinciples of gene manipulation and genomics | ||
| 250 | _a7th | ||
| 260 |
_bWiley India _c2023 _aNew Delhi |
||
| 300 | _axix, 691 | ||
| 650 | _aBiotechnology | ||
| 650 | _aGenetic | ||
| 650 | _aGene | ||
| 650 | _aBiology | ||
| 700 | _aTwyman, Richard | ||
| 942 | _cBK | ||
| 999 |
_c394994 _d394994 |
||